| 000 | 00577cam a2200229 4500 | ||
|---|---|---|---|
| 008 | 090401t1989 xxu||||| |||| 00| 0 eng d | ||
| 020 | _a0727713221 | ||
| 035 | _a(Sirsi) u72795 | ||
| 041 | _aeng | ||
| 050 | _a658.404 | ||
| 100 | _aNeale, Richard H | ||
| 245 | _aConstruction planning | ||
| 260 |
_aLondon _bThomas Telford _c1989 |
||
| 300 | _a160p. : ill. ; 21cm. | ||
| 350 | _a14 | ||
| 490 | _aEngineering Management | ||
| 650 | _aBUILDING INDUSTRY | ||
| 650 | _aMANAGEMENT-PROJECT MANAGEMENT | ||
| 700 | _aNeale, David E | ||
| 942 | _n0 | ||
| 948 | _c04/03/1997 | ||
| 999 |
_c95531 _d95531 |
||